Prácticas del lenguaje 1ES /
Guardado en:
| Autor Principal: | |
|---|---|
| Formato: | Libro |
| Idioma: | Undetermined |
| Publicado: |
Buenos Aires :
Estrada,
2012.
|
| Edición: | 1era ed. |
| Series: | Huellas
|
| Materias: | |
| Etiquetas: |
Agregar Etiqueta
Sin Etiquetas, Sea el primero en etiquetar este registro!
|
| LEADER | 01053nam a22002295a 4500 | ||
|---|---|---|---|
| 001 | CEM.cems025175 | ||
| 008 | 260513s2012####ag#a##########000#0#und#d | ||
| 005 | 20260513085447.0 | ||
| 245 | 1 | 0 | |a Prácticas del lenguaje 1ES / |c Florencia Solare Reigada; Irene Timoszko; Valeria Stefani; María Martha Lucero: Silvia Ojeda; Federico Taboada; Luis Di Filippo; Norberto Sánchez; Gabriela Szmulewicz. |
| 250 | |a 1era ed. | ||
| 260 | |a Buenos Aires : |b Estrada, |c 2012. | ||
| 300 | |a 192 p. : |b il. ; |c 27 cm. | ||
| 490 | 1 | |a Huellas | |
| 505 | 0 | |a El mito -- La poesía -- El cuento de terror -- El teatro -- El relato maravilloso -- La crónica -- El texto prescriptivo -- El editorial y la carta de lector -- El texto expositivo -- La infografía | |
| 020 | |a 9789500114905 | ||
| 100 | 1 | |a Solare Reigada, Florencia, |d 2012. | |
| 082 | 0 | 4 | |a 468 |
| 653 | |a Prácticas del lenguaje | ||
| 653 | |a Lengua | ||
| 653 | |a Lengua y literatura | ||
| 859 | |a CEMS |b BIB. CEMS - Agricultura |h 468 |i So425 |p A4149.26 |t Ej.1 | ||
| 859 | |a CEMS |b BIB. CEMS - Agricultura |h 468 |i So425 |p A4150.26 |t Ej.2 | ||
